[Event "Unterfranken-ch HA 58th"]
[Site "Wuerzburg"]
[Date "2007.04.10"]
[Round "3"]
[White "Liebler, Kim Kristin"]
[Black "Riess, Daniel"]
[Result "1-0"]
[WhiteElo "1274"]
[BlackElo "1320"]
[PlyCount "85"]
[EventDate "2007.04.09"]
[EventType "swiss"]
[EventRounds "9"]
[EventCountry "GER"]
[SourceTitle "EXT 2015"]
[Source "ChessBase"]
[SourceDate "2014.11.20"]
[SourceVersion "1"]
[SourceVersionDate "2014.11.20"]
[SourceQuality "1"]

1. e4 c5 2. c4 e6 3. Nc3 d6 4. Nf3 Nf6 5. d3 Nc6 6. Bg5 Be7 7. Be2 h6 8. Bd2 Qb6 9. b3 a6 10. 0-0 0-0 11. Qc1 Qc7 12. Re1 Rb8 13. a4 Nd7 14. Rb1 f5 15. exf5 Rxf5 16. h3 Rf8 17. Bd1 Nce5 18. Nxe5 Nxe5 19. Bc2 Bh4 20. Be3 Bd7 21. Rf1 b5 22. cxb5 axb5 23. axb5 Bxb5 24. Nxb5 Rxb5 25. Ra1 Qc6 26. f3 d5 27. d4 cxd4 28. Bxd4 Bg5 29. f4 Rb4 30. Bxe5 Qc5+ 31. Kh1 Bf6 32. Bh7+ Kxh7 33. Qxc5 Rxb3 34. Qc2+ g6 35. Qxb3 Bxe5 36. fxe5 Rxf1+ 37. Rxf1 h5 38. Qb6 Kh6 39. Qxe6 h4 40. Qxd5 g5 41. Rf6+ Kh5 42. Qf3+ g4 43. Qxg4# 1-0

[Event "Unterfranken-ch HA 57th"]
[Site "Prichsenstadt"]
[Date "2006.04.19"]
[Round "4"]
[White "Liebler, Kim Kristin"]
[Black "Thiem, Simon"]
[Result "1-0"]
[WhiteElo "1319"]
[BlackElo "1424"]
[PlyCount "27"]
[EventDate "2006.04.17"]
[EventType "swiss"]
[EventRounds "9"]
[EventCountry "GER"]
[SourceTitle "EXT 2015"]
[Source "ChessBase"]
[SourceDate "2014.11.20"]
[SourceVersion "1"]
[SourceVersionDate "2014.11.20"]
[SourceQuality "1"]

1. e4 c5 2. Nc3 Nc6 3. Nf3 e5 4. d3 d6 5. Be2 Nge7 6. Bg5 h6 7. Bxe7 Nxe7 8. h3 g6 9. g4 Qb6 10. Rb1 Qa5 11. Qd2 b5 12. a3 Rb8 13. Nd5 Qd8 14. Nf6# 1-0

[Event "Unterfranken-ch HA 57th"]
[Site "Prichsenstadt"]
[Date "2006.04.18"]
[Round "2"]
[White "Liebler, Kim Kristin"]
[Black "Wolz, Andreas"]
[Result "1-0"]
[WhiteElo "1319"]
[BlackElo "1346"]
[PlyCount "79"]
[EventDate "2006.04.17"]
[EventType "swiss"]
[EventRounds "9"]
[EventCountry "GER"]
[SourceTitle "EXT 2015"]
[Source "ChessBase"]
[SourceDate "2014.11.20"]
[SourceVersion "1"]
[SourceVersionDate "2014.11.20"]
[SourceQuality "1"]

1. e4 c6 2. Nf3 d5 3. d3 dxe4 4. dxe4 Qxd1+ 5. Kxd1 Nf6 6. Nc3 Bg4 7. Be2 Nbd7 8. Bg5 0-0-0 9. Ke1 h6 10. Bxf6 exf6 11. h3 Bxf3 12. Bxf3 Ne5 13. Ke2 Bb4 14. a3 Bxc3 15. bxc3 Nxf3 16. Kxf3 Rd2 17. Rac1 Rhd8 18. Ke3 R8d7 19. Rhe1 Kd8 20. Re2 Rd1 21. Rxd1 Rxd1 22. Rd2+ Rxd2 23. Kxd2 Kd7 24. Kd3 b5 25. c4 Kd6 26. cxb5 cxb5 27. Kd4 a6 28. f4 a5 29. c3 g6 30. g4 g5 31. f5 Kc6 32. e5 fxe5+ 33. Kxe5 Kc5 34. Kf6 Kc4 35. Kxf7 Kxc3 36. Kg7 b4 37. f6 bxa3 38. f7 a2 39. f8Q a1Q 40. Qf6+ 1-0

[Event "Unterfranken-ch HB 56th"]
[Site "Stetten"]
[Date "2005.03.31"]
[Round "7"]
[White "Liebler, Kim Kristin"]
[Black "Lindner, Erik"]
[Result "0-1"]
[WhiteElo "1086"]
[BlackElo "1637"]
[PlyCount "60"]
[EventDate "2005.03.28"]
[EventType "swiss"]
[EventRounds "9"]
[EventCountry "GER"]
[SourceTitle "EXT 2015"]
[Source "ChessBase"]
[SourceDate "2014.11.20"]
[SourceVersion "1"]
[SourceVersionDate "2014.11.20"]
[SourceQuality "1"]

1. e4 c5 2. Nf3 Nc6 3. Bb5 a6 4. Bxc6 dxc6 5. 0-0 Bg4 6. d3 h6 7. Be3 e6 8. Nbd2 Nf6 9. Qc1 Bxf3 10. Nxf3 Ng4 11. Bf4 g5 12. Bg3 Be7 13. h3 Nf6 14. Be5 Rg8 15. Bh2 g4 16. hxg4 Nxg4 17. Bf4 Bg5 18. Nxg5 hxg5 19. Bg3 Qf6 20. f3 Qd4+ 21. Bf2 Nxf2 22. Rxf2 0-0-0 23. Kf1 Rh8 24. Ke2 c4 25. dxc4 Qxc4+ 26. Ke3 f5 27. exf5 exf5 28. Rd2 f4+ 29. Kf2 Qc5+ 30. Ke2 Qe3+ 0-1

[Event "Unterfranken-ch HB 56th"]
[Site "Stetten"]
[Date "2005.03.30"]
[Round "5"]
[White "Liebler, Kim Kristin"]
[Black "Meyer, Marco"]
[Result "0-1"]
[WhiteElo "1086"]
[BlackElo "1277"]
[PlyCount "77"]
[EventDate "2005.03.28"]
[EventType "swiss"]
[EventRounds "9"]
[EventCountry "GER"]
[SourceTitle "EXT 2015"]
[Source "ChessBase"]
[SourceDate "2014.11.20"]
[SourceVersion "1"]
[SourceVersionDate "2014.11.20"]
[SourceQuality "1"]

1. e4 Nf6 2. Nc3 d5 3. exd5 Nxd5 4. Nxd5 Qxd5 5. Nf3 Nc6 6. d3 Bg4 7. Be2 e5 8. 0-0 Bd6 9. b3 0-0-0 10. h3 Bh5 11. Bb2 f6 12. Re1 e4 13. dxe4 Qxe4 14. Qd3 Bh2+ 15. Nxh2 Rxd3 16. Bxd3 Qd5 17. Be4 Qc5 18. Re3 Re8 19. Rae1 Bg6 20. Bxg6 Rxe3 21. Rxe3 hxg6 22. Re2 Qd6 23. Nf1 Qd1 24. Rd2 Qb1 25. Bc3 Qxa2 26. Ne3 Qa6 27. Rd1 Qb5 28. Re1 Qc5 29. Nd1 Kd7 30. Re3 Nb4 31. Bxb4 Qxb4 32. Rd3+ Kc8 33. Re3 Qd2 34. Re8+ Kd7 35. Rg8 Qxd1+ 36. Kh2 Qxc2 37. Rxg7+ Ke6 38. b4 Qxf2 39. Rxc7 0-1

[Event "Unterfranken-ch HB 56th"]
[Site "Stetten"]
[Date "2005.03.29"]
[Round "3"]
[White "Lamprecht, Kilian"]
[Black "Liebler, Kim Kristin"]
[Result "1-0"]
[WhiteElo "1402"]
[BlackElo "1086"]
[PlyCount "99"]
[EventDate "2005.03.28"]
[EventType "swiss"]
[EventRounds "9"]
[EventCountry "GER"]
[SourceTitle "EXT 2015"]
[Source "ChessBase"]
[SourceDate "2014.11.20"]
[SourceVersion "1"]
[SourceVersionDate "2014.11.20"]
[SourceQuality "1"]

1. e4 e5 2. Nf3 Nc6 3. Bb5 Nge7 4. 0-0 a6 5. Ba4 Ng6 6. Nc3 Bb4 7. d4 Bxc3 8. bxc3 d5 9. exd5 Qxd5 10. Re1 0-0 11. Bxc6 bxc6 12. Nxe5 Nxe5 13. Rxe5 Qd6 14. Qe2 Bb7 15. Rb1 Rfb8 16. Rb3 h6 17. Ba3 Qd8 18. Re7 Qd5 19. Bc5 Qg5 20. h3 Qc1+ 21. Kh2 Qf4+ 22. g3 Qf5 23. Rxc7 Re8 24. Re7 Rxe7 25. Bxe7 Bc8 26. g4 Qf4+ 27. Kg2 Rb8 28. Rxb8 Qxb8 29. Bb4 Qb5 30. Qe8+ Kh7 31. Qxc8 Qd5+ 32. f3 Qxa2 33. Qxc6 Qxc2+ 34. Kg3 Qd3 35. Qe4+ Qxe4 36. fxe4 Kg6 37. e5 f6 38. e6 f5 39. e7 Kf7 40. gxf5 Ke8 41. d5 a5 42. Bxa5 Kxe7 43. Kf4 Kd6 44. Ke4 h5 45. Bb4+ Kd7 46. Ke5 h4 47. c4 Kd8 48. Kd6 Kc8 49. Ke7 Kc7 50. d6+ 1-0

[Event "Unterfranken-ch HT 54th"]
[Site "Moembris"]
[Date "2003.04.23"]
[Round "5"]
[White "Liebler, Kim Kristin"]
[Black "Barthel, Reimar"]
[Result "0-1"]
[WhiteElo "1168"]
[BlackElo "1469"]
[PlyCount "64"]
[EventDate "2003.04.21"]
[EventType "swiss"]
[EventRounds "9"]
[EventCountry "GER"]
[SourceTitle "EXT 2015"]
[Source "ChessBase"]
[SourceDate "2014.11.20"]
[SourceVersion "1"]
[SourceVersionDate "2014.11.20"]
[SourceQuality "1"]

1. e4 g6 2. d4 Bg7 3. Nf3 d6 4. Nc3 Nd7 5. Bf4 e5 6. Be3 Ngf6 7. Ng5 d5 8. exd5 Nb6 9. dxe5 Nfxd5 10. Nxd5 Nxd5 11. Bc4 Be6 12. Bxd5 Bxd5 13. 0-0 Bxe5 14. g3 Qd6 15. f4 Bf6 16. Nf3 0-0-0 17. Qd3 Qc6 18. Qe2 Bc4 19. Qf2 Bxf1 20. Rxf1 Rd6 21. Ne5 Qe8 22. Nc4 Re6 23. Re1 Bd4 24. c3 Bxe3 25. Nxe3 Qe7 26. Kg2 Re8 27. Kf3 Qc5 28. b4 Qc6+ 29. Kg4 f5+ 30. Kg5 h6+ 31. Kxh6 Rh8+ 32. Kg5 Rh5# 0-1